| 000 | 00999nam a2200289 i 4500 | ||
|---|---|---|---|
| 003 | DO-SdBNP | ||
| 005 | 20240313125659.0 | ||
| 007 | ta | ||
| 008 | 230918b2023 dr abc|| |||| 00| 0 spa d | ||
| 020 | _a9789993446309 | ||
| 040 |
_aDO-SdBNP _bspa _cBNPHU _erda |
||
| 082 | 4 |
_aRD861.44 _bG216u _222 |
|
| 100 | 1 |
_aMorrison, Mateo, _d1947- _91469 |
|
| 245 | 1 | 0 |
_aUna mirada a la poesía de Mateo Morrison / _cestudio crítico y selección, José Enrique García |
| 264 |
_aSanto Domingo : _bBúho, _c2023 |
||
| 300 |
_a127 páginas ; _c24 cm. |
||
| 336 |
_2rdacontent _atexto _btxt |
||
| 337 |
_2rdamedia _asin mediaciónn _bn |
||
| 338 |
_2rdacarrier _avolumen _bnc |
||
| 590 | _aInventariado, 2023/DG | ||
| 600 | 1 | 4 |
_aMorrison, Mateo, _d1947- _xCrítica e interpretación _91469 |
| 650 | 4 | _aPoesía dominicana | |
| 650 | 4 | _aLiteratura dominicana | |
| 700 | 1 |
_aGarcía, José Enrique, _d1948- _eestudio crítico y selección _922487 |
|
| 910 | _aDG/Validado. Control de calidad MFF | ||
| 942 |
_2ddc _cLBS1 |
||
| 999 |
_c54814 _d54814 |
||